El compromiso temporal (Record no. 95503)

MARC details
000 -LEADER
campo de control de longitud fija 00599nam a2200193 i 4500
001 - NÚMERO DE CONTROL
campo de control 95503
003 - IDENTIFICADOR DE NÚMERO DE CONTROL
campo de control ES-MaACL
005 - FECHA Y HORA DE LA ÚLTIMA TRANSACCIÓN
campo de control 20250728111658.0
007 - CAMPO FIJO DE DESCRIPCIÓN FÍSICA--INFORMACIÓN GENERAL
campo de control de longitud fija t|
008 - DATOS DE LONGITUD FIJA--INFORMACIÓN GENERAL
campo de control de longitud fija 050531s1972 sp |||| | spa d
080 ## - NÚMERO DE LA CLASIFICACIÓN DECIMAL UNIVERSAL
Número de la Clasificación Decimal Universal 2:32
100 1# - ENTRADA PRINCIPAL--NOMBRE DE PERSONA
Nombre de persona Lladó, Josep M.
9 (RLIN) 72646
245 13 - MENCIÓN DEL TÍTULO
Título El compromiso temporal
Resto del título : política para católicos : [para un futuro mundial con libertad, justicia y paz] /
Mención de responsabilidad, etc. José María Lladó.
260 ## - PUBLICACIÓN, DISTRIBUCIÓN, ETC.
Lugar de publicación, distribución, etc. Barcelona :
Nombre del editor, distribuidor, etc. Cedro,
Fecha de publicación, distribución, etc. [1972]
300 ## - DESCRIPCIÓN FÍSICA
Extensión 304 p. ;
Dimensiones 20 cm.
650 #7 - PUNTO DE ACCESO ADICIONAL DE MATERIA--TÉRMINO DE MATERIA
Término de materia o nombre geográfico como elemento de entrada Religión y política
Fuente del encabezamiento o término embne
9 (RLIN) 16813
852 ## - LOCALIZACIÓN
Ubicación ES-MaACL
Número de control de estantería C-46914
Holdings
Estatus retirado Estado de pérdida Estado de daño No para préstamo Biblioteca de origen Biblioteca actual Ubicación en estantería Fecha de adquisición Fuente de adquisición Total de préstamos Signatura topográfica completa Código de barras Visto por última vez Precio de reemplazo Tipo de ítem Koha
        Biblioteca del Ateneo de Madrid Biblioteca del Ateneo de Madrid Depósito 2 17/01/2008     C-46914 1099723 23/02/2023 23/02/2023 Libro impreso